000 00270nam a2200121Ia 4500
008 241002s9999 xx 000 0 und d
082 _a701.15 SAN
100 _aSantayana, George
245 0 _aReason in Art
260 _aNew York:
_c1962
600 _aArt
942 _cUC
999 _c18468
_d18468